[Event "SVK-ch U18/20"]
[Site "Tatralandia"]
[Date "2024.04.10"]
[Round "7"]
[White "Melih, Mario"]
[Black "Vojtas, Marek"]
[Result "1-0"]
[WhiteElo "1990"]
[BlackElo "1676"]
[PlyCount "23"]
[EventDate "2024.04.05"]
[EventType "swiss"]
[EventRounds "9"]
[EventCountry "SVK"]
[SourceTitle "CB16_2024"]
[SourceDate "2024.04.17"]
[SourceVersion "1"]
[SourceVersionDate "2024.04.17"]
[SourceQuality "1"]

1. e4 c6 2. d4 d5 3. f3 Nf6 4. e5 Nfd7 5. e6 fxe6 6. f4 g6 7. Nf3 Bg7 8. Bd3 Qb6 9. a4 Bxd4 10. Nxd4 c5 11. a5 Qd8 12. Nxe6 1-0

[Event "SVK-ch U18/20"]
[Site "Tatralandia"]
[Date "2024.04.05"]
[Round "1"]
[White "Rakovsky, Jakub"]
[Black "Vojtas, Marek"]
[Result "1-0"]
[WhiteElo "2069"]
[BlackElo "1676"]
[PlyCount "85"]
[EventDate "2024.04.05"]
[EventType "swiss"]
[EventRounds "9"]
[EventCountry "SVK"]
[SourceTitle "CB16_2024"]
[SourceDate "2024.04.17"]
[SourceVersion "1"]
[SourceVersionDate "2024.04.17"]
[SourceQuality "1"]

1. e4 c6 2. d4 d5 3. exd5 cxd5 4. Bd3 Nc6 5. c3 Nf6 6. h3 e6 7. Nf3 Bd6 8. 0-0 0-0 9. Re1 Re8 10. Nbd2 e5 11. dxe5 Nxe5 12. Nxe5 Bxe5 13. Nf3 Bd6 14. Bg5 Be7 15. Bb5 Bd7 16. Bxf6 Bxb5 17. Bxe7 Rxe7 18. Rxe7 Qxe7 19. Qxd5 Bc6 20. Qe5 Qxe5 21. Nxe5 Bd5 22. Ng4 h5 23. Ne3 Be6 24. f4 Re8 25. Kf2 g6 26. Rd1 Kf8 27. g4 hxg4 28. hxg4 Bxa2 29. Ra1 Be6 30. Rxa7 Rb8 31. Kg3 Kg7 32. Ra4 Bd7 33. Rd4 Bc6 34. Nc4 Re8 35. Ne5 Re6 36. g5 Bb5 37. c4 Ba4 38. Ng4 Rb6 39. Nf6 Rb3+ 40. Kg4 Rb6 41. c5 Ra6 42. c6 Ra8 43. cxb7 1-0

[Event "SVK-ch U16"]
[Site "Dudince"]
[Date "2023.04.16"]
[Round "1"]
[White "Vojtas, Marek"]
[Black "Bulej, Matej"]
[Result "0-1"]
[WhiteElo "1489"]
[BlackElo "2007"]
[PlyCount "79"]
[EventDate "2023.04.16"]
[EventType "swiss"]
[EventRounds "9"]
[EventCountry "SVK"]
[SourceTitle "CBM 213 Extra"]
[Source "ChessBase"]
[SourceDate "2023.05.31"]
[SourceVersion "1"]
[SourceVersionDate "2023.05.31"]
[SourceQuality "1"]

1. e4 c6 2. d4 d5 3. exd5 cxd5 4. Bd3 Nc6 5. c3 Nf6 6. h3 g6 7. Nf3 Bf5 8. Bxf5 gxf5 9. Bf4 e6 10. Ne5 Bd6 11. Nd2 Qc7 12. Ndf3 Ne4 13. Nxc6 Bxf4 14. Nb4 Nxc3 15. Qd3 Ne4 16. Qb5+ Qd7 17. Qxd7+ Kxd7 18. Nd3 Bh6 19. Nc5+ Nxc5 20. dxc5 Bg7 21. 0-0-0 Rhc8 22. Rhe1 Rxc5+ 23. Kb1 Rac8 24. Ne5+ Bxe5 25. Rxe5 Rc2 26. Rf1 Rd2 27. g4 fxg4 28. hxg4 Rcc2 29. Rh5 Rxb2+ 30. Kc1 Rdc2+ 31. Kd1 Rc4 32. Rfh1 Rxa2 33. Rxh7 Rxf2 34. g5 Ra4 35. Ke1 Rb2 36. Rxf7+ Kd6 37. Rd7+ Kxd7 38. Rh7+ Kd6 39. Rd7+ Kxd7 40. g6 0-1

[Event "SVK-chT3B2 2223"]
[Site "Slovakia"]
[Date "2022.10.23"]
[Round "1.5"]
[White "Janoska, Peter"]
[Black "Vojtas, Marek"]
[Result "1-0"]
[WhiteElo "1437"]
[BlackElo "1449"]
[PlyCount "36"]
[EventDate "2022.10.23"]
[EventType "team-tourn"]
[EventRounds "11"]
[EventCountry "SVK"]
[SourceTitle "EXT 2024"]
[Source "ChessBase"]
[SourceDate "2023.10.10"]
[SourceVersion "1"]
[SourceVersionDate "2023.10.10"]
[SourceQuality "1"]
[WhiteTeam "Povazske Podhradie II"]
[BlackTeam "Povazske Podhradie III"]
[WhiteTeamCountry "SVK"]
[BlackTeamCountry "SVK"]

1. e4 d5 2. exd5 Qxd5 3. Nc3 Qa5 4. g3 Bf5 5. Bg2 c6 6. d3 Nd7 7. Nge2 e5 8. Be3 Bc5 9. 0-0 0-0-0 10. Ne4 Ngf6 11. N2c3 Nxe4 12. Nxe4 Qb6 13. Nd6+ Kb8 14. Nxf5 Bxe3 15. Nxe3 Nc5 16. Nc4 Qc7 17. Re1 Rhe8 18. Qf3 f6 1-0

[Event "SVK-ch U16"]
[Site "Stara Lubovna"]
[Date "2022.05.28"]
[Round "9"]
[White "Vojtas, Marek"]
[Black "Ondrejcak, Gregor"]
[Result "1-0"]
[WhiteElo "1000"]
[BlackElo "1000"]
[PlyCount "69"]
[EventDate "2022.05.21"]
[EventType "swiss"]
[EventRounds "9"]
[EventCountry "SVK"]
[SourceTitle "CBM 208 Extra"]
[Source "ChessBase"]
[SourceDate "2022.07.31"]
[SourceVersion "1"]
[SourceVersionDate "2022.07.31"]
[SourceQuality "1"]

1. d4 d5 2. Bf4 c5 3. e3 e6 4. c3 Nc6 5. Nf3 Bd6 6. Bg3 Nge7 7. Bd3 f6 8. 0-0 e5 9. dxe5 fxe5 10. e4 d4 11. Bc4 Bg4 12. Nbd2 Na5 13. Bf7+ Kf8 14. h3 Kxf7 15. Ng5+ Ke8 16. Qxg4 Qd7 17. Ne6 Rg8 18. f4 exf4 19. Bxf4 g6 20. Bh6 Nac6 21. Rf2 Nc8 22. Raf1 Ne5 23. Nc7+ Kd8 24. Qxd7+ Kxd7 25. Nxa8 Re8 26. cxd4 cxd4 27. Bg7 d3 28. Bxe5 Bxe5 29. Rf3 Bxb2 30. Rxd3+ Nd6 31. Nc4 Be5 32. Nxe5+ Rxe5 33. Rfd1 Ke7 34. Rxd6 Rxe4 35. Rd7+ 1-0